Guess the football club by logo 2 - Statistics

General Stats
  • This quiz has been taken 27 times
  • The average score is 9 of 16
Answer Stats
Picture Answer % Correct
Stoke City FC
92%
Hannover 96
85%
UC Sampdoria
85%
Montpellier HSC
73%
SD Eibar
73%
PAOK FC
69%
CF Monterrey
58%
Legia Warsaw
54%
FK Partizan
50%
Fortuna Sittard
50%
Clube Atlético Mineiro
46%
Cruzeiro EC
38%
CA Rosario Central
35%
Beerschot
31%
Shanghai Port FC
31%
FC BATE Borisov
15%
No matching quizzes found
Score Distribution
Percent of People with Each Score
Percentile by Number Answered
Your Score History
You have not taken this quiz